ʻIlm al-ṣukhūr al-nārīyah/ (Record no. 46300)

MARC details
000 -LEADER
fixed length control field 00665cam a22002171a 4500
001 - CONTROL NUMBER
control field ne 63002047
003 - CONTROL NUMBER IDENTIFIER
control field DLC
005 - DATE AND TIME OF LATEST TRANSACTION
control field 20260227111750.0
008 - FIXED-LENGTH DATA ELEMENTS--GENERAL INFORMATION
fixed length control field 920921s1961 ua a 000 0 ara
010 ## - LIBRARY OF CONGRESS CONTROL NUMBER
LC control number ne 63002047
035 ## - SYSTEM CONTROL NUMBER
System control number (OCoLC)26641619
040 ## - CATALOGING SOURCE
Original cataloging agency DLC
Transcribing agency MWalB
Modifying agency MWalB
-- DLC
042 ## - AUTHENTICATION CODE
Authentication code premarc
050 00 - LIBRARY OF CONGRESS CALL NUMBER
Classification number QE461
Item number .A7
100 1# - MAIN ENTRY--PERSONAL NAME
Personal name ʻAqqād, Muḥammad Kamāl.
245 10 - TITLE STATEMENT
Title ʻIlm al-ṣukhūr al-nārīyah/
Statement of responsibility, etc. taʼlīf Muḥammad Kamāl al-ʻAqqād.
260 ## - PUBLICATION, DISTRIBUTION, ETC.
Place of publication, distribution, etc. Asyūṭ :
Name of publisher, distributor, etc. Dār al-Maʻārif,
Date of publication, distribution, etc. 1961.
300 ## - PHYSICAL DESCRIPTION
Extent 328 p. :
Other physical details ill. ;
Dimensions 25 cm.
490 0# - SERIES STATEMENT
Series statement Jāmiʻat Asyūṭ. Silsilat al-kutub al-dirāsīyah ;
Volume/sequential designation 10
650 #0 - SUBJECT ADDED ENTRY--TOPICAL TERM
Topical term or geographic name entry element Igneous rocks.

No items available.

Powered by Koha